| 000 | 00510nam a2200181Ia 4500 | ||
|---|---|---|---|
| 008 | 090124s9999 xx 000 0 und d | ||
| 082 | _b31117 | ||
| 100 | _aमतकरी रत्नाकर | ||
| 245 | _a संदेह | ||
| 250 | _a1 | ||
| 260 |
_bदिलीप प्रकाशन _c1993 |
||
| 300 | _a179 | ||
| 600 | _aमतकरी रत्नाकर | ||
| 630 | _a संदेह | ||
| 700 | _aमतकरी रत्नाकर | ||
| 730 | _a संदेह | ||
| 942 | _cBOOK | ||
| 999 |
_c97196 _d97196 |
||